| 000 | 01104nam a22002057a 4500 | ||
|---|---|---|---|
| 008 | 100323t xxu||||| |||| 00| 0 eng d | ||
| 082 |
_218 _a327.47073 _bHAR |
||
| 100 | 1 |
_aHarriman, W. Averell. _qWilliam Averell Harriman _913041 |
|
| 245 |
_aAmerica And Russia In A Changing World : _bA Half Century of Personal Observation / _cW. Averell Harriman ; Introduction by Arthur M. Schlesinger, Jr. |
||
| 260 |
_aNew York : _bDoubleday, _cc1971. |
||
| 300 |
_axix, 218p. ; _c23cm. |
||
| 650 | 0 |
_aVietnamese Conflict, _d1961-. _913042 |
|
| 650 | 0 |
_aUnited States _xForeign relations _zRussia. _913043 |
|
| 650 | 0 |
_aRussia _xForeign relations _zUnited States. _913044 |
|
| 653 |
_aRussia _aForeign relations with United States, 1926-1971 _aPersonal observations |
||
| 653 |
_aUnited States _aForeign relations with Russia, 1926-1971 _aPersonal observations |
||
| 700 | 1 |
_aSchlesinger, Arthur M. _913045 |
|
| 942 |
_2ddc _cBB |
||
| 999 |
_c13761 _d13761 |
||